36 tiết về tài chính cho nhà quản lý

Bewaard in:
Bibliografische gegevens
Hoofdauteur: Ngô, Mạnh Hùng
Formaat: Boek
Taal:Undetermined
Gepubliceerd in: Hà Nội Thống kê 1998
Onderwerpen:
Tags: Voeg label toe
Geen labels, Wees de eerste die dit record labelt!
Thư viện lưu trữ: Trung tâm Học liệu Trường Đại học Cần Thơ
LEADER 00526nam a2200193Ia 4500
001 CTU_50990
008 210402s9999 xx 000 0 und d
020 |c 27500 
082 |a 332 
082 |b H513 
100 |a Ngô, Mạnh Hùng 
245 0 |a 36 tiết về tài chính cho nhà quản lý 
245 0 |c Ngô Mạnh Hùng 
260 |a Hà Nội 
260 |b Thống kê 
260 |c 1998 
650 |a Finance 
904 |i Bạch Trúc 
980 |a Trung tâm Học liệu Trường Đại học Cần Thơ